Oscars Best Foreign Language Film: Italy or France? - Statistics

General Stats
  • This quiz has been taken 65 times
  • The average score is 15 of 25
Answer Stats
Question Answer % Correct
Monsieur Vincent France
90%
Nights of Cabiria Italy
90%
Mon Oncle France
80%
Bicycle Thieves Italy
80%
La Strada Italy
80%
Italy
80%
Mediterraneo Italy
80%
Life Is Beautiful Italy
80%
A Man and a Woman France
70%
Cinema Paradiso Italy
70%
Forbidden Games France
60%
The Discreet Charm of the Bourgeoisie France
60%
Day for Night France
60%
Investigation of a Citizen Above Suspicion Italy
60%
Amarcord Italy
60%
Sundays and Cybele France
50%
Indochine France
50%
Shoe-Shine Italy
50%
The Great Beauty Italy
50%
Black Orpheus France
40%
Madame Rosa France
30%
Yesterday, Today and Tomorrow Italy
30%
The Garden of the Finzi Continis Italy
30%
The Walls of Malapaga Italy and France (co-production)
30%
Get Out Your Handkerchiefs France
20%
No matching quizzes found
Score Distribution
Percent of People with Each Score
Percentile by Number Answered
Your Score History
You have not taken this quiz